00601nam a22001577a 450000500170000002000230001703500130004003700130005310000210006624501180008726000500020530000230025594200260027899900170030495201220032120120413123143.0 a8178271192c500.00 aB-223782 aDPLbENG aNaidu, M.945056 aMahatma Gandhi and Hindu-Muslim unity :bDuring transfer of power and partition of India (1944-48) /cby M. Naidu aNew DelhibManak Publications Pvt. Ltd.c2005 axv, 222p.c20 cms. 2ddccENh301.153mNAI c64961d64961 001040708NFICaZLSbZLSd2012-04-13g500.00l0o301.153 NAIpB-223782r2012-04-13 00:00:00v500.00w2012-04-13yEN